| 000 | 00652nam a2200169 a 4500 | ||
|---|---|---|---|
| 001 | 000028973 | ||
| 005 | 20200930055242.0 | ||
| 008 | 110413s2000 dr 000 0 spa d | ||
| 040 |
_aDO-SdBNP _bspa _cBNPHU |
||
| 110 | 1 |
_aRepública Dominicana _bleyes decretos _955906 |
|
| 240 | 1 | 0 | _aLeyes, etc |
| 245 | 1 | 3 |
_aLa ley 24-97 : _buna acción política concertada, su historia / _ccompilación y redacción Brinella Fernández. |
| 260 |
_aSanto Domingo : _bSecretaría de Etado de la Mujer _bComisión Ejecutiva para la Reforma del Sector Salud, _c2000. _fEditora Solar |
||
| 300 |
_a33 p. ; _c28 cm. |
||
| 700 | 1 |
_aFernández, Brinella _952109 |
|
| 049 | _aBNPD | ||
| 999 |
_c28465 _d28465 |
||